[Event "Catalunya-ch Seniors 34th"]
[Site "Lloret del Mar"]
[Date "2018.05.27"]
[Round "9"]
[White "Franch Capdevila, Ramon"]
[Black "Paretas Ros, Josep"]
[Result "1-0"]
[WhiteElo "2029"]
[BlackElo "1733"]
[PlyCount "57"]
[EventDate "2018.05.19"]
[EventType "swiss"]
[EventRounds "9"]
[EventCountry "ESP"]
[SourceTitle "CBM 184 Extra"]
[Source "ChessBase"]
[SourceDate "2018.06.28"]
[SourceVersion "1"]
[SourceVersionDate "2018.06.28"]
[SourceQuality "1"]

1. e4 e5 2. f4 d6 3. Nf3 Bg4 4. h3 Bxf3 5. Qxf3 Nf6 6. c3 Nc6 7. Bb5 Nd7 8. d4 exd4 9. Bxc6 bxc6 10. cxd4 Nf6 11. Nc3 Rb8 12. e5 dxe5 13. Qxc6+ Nd7 14. 0-0 Be7 15. fxe5 0-0 16. Nd5 Rc8 17. e6 Nb6 18. Nxe7+ Qxe7 19. exf7+ Rxf7 20. Rxf7 Kxf7 21. Bf4 g5 22. Be5 Kg8 23. Rf1 Rd8 24. Qh6 Nd5 25. Rf5 Nf4 26. Rxg5+ Ng6 27. h4 c5 28. h5 Rxd4 29. hxg6 1-0